Academic vocabulary in context
保存先:
| 第一著者: | |
|---|---|
| フォーマット: | 図書 |
| 言語: | 英語 |
| 出版事項: |
Berna
Peter Lang
2010
|
| 版: | 1a. ed |
| シリーズ: | Linguistic Insights, 118
|
| 主題: | |
| タグ: |
タグ追加
タグなし, このレコードへの初めてのタグを付けませんか!
|
MARC
| LEADER | 00000cam a2200000 a 4500 | ||
|---|---|---|---|
| 001 | UCC4891 | ||
| 003 | CL-VaPUC | ||
| 008 | 180831e20100000sz |||||||||||||||||eng|d | ||
| 020 | |a 9783034304269 | ||
| 082 | 0 | 4 | |a 423 |b HIR |2 21 |
| 100 | 0 | |a Hirsh, David |e author |9 599102 | |
| 245 | 1 | 0 | |a Academic vocabulary in context |
| 250 | |a 1a. ed | ||
| 300 | |a 217 p | ||
| 942 | |c BK | ||
| 945 | |d 20180831 12:04:00 |a dcastane | ||
| 260 | |a Berna |b Peter Lang |c 2010 | ||
| 650 | 0 | |a Lengua inglesa |9 318842 | |
| 650 | 0 | |a Educación lingüística |9 306506 | |
| 650 | 0 | |a Métodos de enseñanza |9 270413 | |
| 583 | |a last modification |c 20180831 12:04:00 |k Rodrigo Vera | ||
| 490 | 0 | |a Linguistic Insights, 118 | |
| 999 | |c 372276 |d 372274 | ||
| 952 | |0 0 |1 0 |3 erb |4 0 |6 423_000000000000000_HIR_2010 |7 0 |8 A |9 489620 |a FDOPOS |b FDOPOS |i 5493692 |o 423 HIR 2010 |p 5493692 |r 2025-01-22 |w 2019-11-24 |y BK |z Catalogado en:20180831 |k DLA | ||